|
|
|
|
| LEADER |
00000nam0a2200000 4500 |
| 001 |
41437 |
| 005 |
20231031014116.0 |
| 035 |
|
|
|a (RuTPU)RU\TPU\book\42542
|
| 090 |
|
|
|a 41437
|
| 100 |
|
|
|a 20020619d1967 km y0rusy50 ca
|
| 101 |
0 |
|
|a rus
|
| 102 |
|
|
|a RU
|
| 105 |
|
|
|a a z 001zy
|
| 200 |
1 |
|
|a Расчет и проектирование элементов гироскопических устройств
|f Н. Ф. Бабаева, В. М. Ерофеев, И. М. Сивоконенко и др.
|
| 210 |
|
|
|a Ленинград
|c Машиностроение
|d 1967
|
| 215 |
|
|
|a 478 с.
|c ил.
|
| 320 |
|
|
|a Библиогр.: с. 469-475 (152 назв.)
|
| 610 |
1 |
|
|a физика
|
| 610 |
1 |
|
|a гироскопы
|
| 610 |
1 |
|
|a гироскопические системы
|
| 610 |
1 |
|
|a гироскопические приборы
|
| 610 |
1 |
|
|a расчет
|
| 610 |
1 |
|
|a проектирование
|
| 610 |
1 |
|
|a устройства
|
| 675 |
|
|
|a 531.383
|v 3
|
| 675 |
|
|
|a 681.2
|v 3
|
| 701 |
|
1 |
|a Бабаева
|b Н. Ф.
|g Нина Федоровна
|
| 701 |
|
1 |
|a Ерофеев
|b В. М.
|g Валентин Михайлович
|
| 701 |
|
1 |
|a Сивоконенко
|b И. М.
|g Игорь Михайлович
|
| 701 |
|
1 |
|a Хованский
|b Ю. М.
|g Юрий Михайлович
|
| 701 |
|
1 |
|a Хрущев
|b В. В.
|g Виталий Васильевич
|
| 701 |
|
1 |
|a Явленский
|b К. Н.
|g Константин Николаевич
|
| 801 |
|
1 |
|a RU
|b 63413507
|c 20020619
|g PSBO
|
| 801 |
|
2 |
|a RU
|b 63413507
|c 20160622
|g PSBO
|
| 942 |
|
|
|c BK
|